[Event "10e Open de Saint-Chély d'Aubrac"]
[Site "Saint-Chély d'Aubrac"]
[Date "2010.07.10"]
[Round "1.30"]
[White "Mourgues, Joelle"]
[Black "Colombo, Maceo"]
[Result "1-0"]
[WhiteElo "1797"]
[BlackElo "1199"]
[PlyCount "75"]

1. Nf3 d5 2. d4 Nf6 3. Bf4 Nc6 4. c3 Bf5 5. h3 e6 6. e3 Bd6 7. Ne5 O-O 8. Be2
Ne4 9. Nd2 Qh4 10. Nxe4 Bxe4 11. g3 Qf6 12. Ng4 Qg6 13. O-O Bc2 14. Qd2 Na5 15.
b3 Bxb3 16. Ne5 Bxe5 17. Bxe5 f6 18. Bxc7 b6 19. Bd6 Rfd8 20. Be7 Rd7 21. Bb4
Nc4 22. Qc1 Bc2 23. Bg4 Bd3 24. Bxe6+ Rf7 25. Bxd5 Qh5 26. Bxa8 Rf8 27. Bxf8
Kxf8 28. Bg2 Nd6 29. Qa3 Ke7 30. Qxa7+ Ke6 31. Qxb6 Ke7 32. Qc5 Qg6 33. Rfe1
Bc4 34. e4 Ke6 35. e5 Nb5 36. exf6+ Kxf6 37. Qe7+ Kf5 38. Be4# 1-0

[Event "10e Open de Saint-Chély d'Aubrac"]
[Site "Saint-Chély d'Aubrac"]
[Date "2010.07.10"]
[Round "1.31"]
[White "Grange, Gary"]
[Black "Griggio, Jean-Paul"]
[Result "1/2-1/2"]
[WhiteElo "1190"]
[BlackElo "1788"]
[PlyCount "84"]

1. d4 c5 2. d5 d6 3. Nf3 Nf6 4. Nc3 g6 5. e4 Bg7 6. Bb5+ Bd7 7. Bxd7+ Nbxd7 8.
Bg5 O-O 9. O-O Ng4 10. h3 Nge5 11. Qe2 f6 12. Nxe5 Nxe5 13. Bf4 Qd7 14. Qb5 Qc7
15. Rad1 a6 16. Qe2 b5 17. a3 Qd7 18. Qe3 Nc4 19. Qc1 b4 20. b3 Nxa3 21. Na4
Rab8 22. c4 g5 23. Bg3 h6 24. f3 Qe8 25. Rd3 Qg6 26. Re1 h5 27. Bf2 Bh6 28. Qd1
Kh7 29. Be3 Rg8 30. Nb2 g4 31. h4 gxf3 32. Qxf3 Nc2 33. Re2 Nxe3 34. Rexe3
Bxe3+ 35. Rxe3 Qg4 36. Qf2 Rg7 37. Kh2 Rbg8 38. Rg3 Qxg3+ 39. Qxg3 Rxg3 40. e5
Rxg2+ 41. Kh1 Rxb2 42. exd6 exd6 1/2-1/2

[Event "10e Open de Saint-Chély d'Aubrac"]
[Site "Saint-Chély d'Aubrac"]
[Date "2010.07.11"]
[Round "2.1"]
[White "Degraeve, Jean-Marc"]
[Black "Batteux, Mickael"]
[Result "1-0"]
[WhiteElo "2569"]
[BlackElo "2003"]
[PlyCount "101"]
[EventDate "2010.??.??"]

1. e4 d5 2. exd5 Nf6 3. c4 e6 4. d4 exd5 5. Nc3 Nc6 6. cxd5 Nxd5 7. Nf3 Bf5 8.
Bb5 Bb4 9. O-O O-O 10. Qb3 Bxc3 11. bxc3 Na5 12. Qb2 c6 13. Be2 Qb6 14. Qd2
Rfe8 15. Re1 Qc7 16. c4 Nf6 17. Qg5 Bg6 18. Bf4 Qd8 19. Bf1 b6 20. Rxe8+ Qxe8
21. Ne5 Rd8 22. Be3 Qe6 23. h3 Qf5 24. Qxf5 Bxf5 25. g4 Be6 26. Rc1 Nd7 27. Nf3
h6 28. Nd2 f5 29. f3 Nf6 30. Nb3 Nb7 31. Bd3 fxg4 32. hxg4 Re8 33. Bf2 Bf7 34.
Kf1 Nd8 35. d5 cxd5 36. c5 bxc5 37. Rxc5 Ne6 38. Ra5 Nf4 39. Bb5 Re7 40. Bxa7
Be8 41. a4 Bxb5+ 42. axb5 Nd3 43. Bf2 Rb7 44. Nc5 Nxc5 45. Bxc5 Nd7 46. Bf2 Kf7
47. b6 Ke6 48. Ra7 Rb8 49. b7 Ne5 50. Bg3 Rf8 51. Bxe5 1-0

[Event "10e Open de Saint-Chély d'Aubrac"]
[Site "Saint-Chély d'Aubrac"]
[Date "2010.07.11"]
[Round "2.2"]
[White "Duffau, Pascal"]
[Black "Apicella, Manuel"]
[Result "0-1"]
[WhiteElo "2034"]
[BlackElo "2529"]
[PlyCount "76"]
[EventDate "2010.??.??"]

1. Nf3 Nf6 2. c4 g6 3. Nc3 Bg7 4. e4 d6 5. d4 O-O 6. Be2 Nbd7 7. O-O e5 8. d5
Nc5 9. Nd2 a5 10. b3 Ne8 11. a3 f5 12. f3 Bh6 13. Rb1 Be3+ 14. Kh1 f4 15. b4
axb4 16. axb4 Na6 17. Qe1 g5 18. Nd1 Ba7 19. Nb3 Rf6 20. Nf2 Rh6 21. Qc3 Nf6
22. c5 Qe8 23. Kg1 Qh5 24. h3 Qh4 25. Ba3 b6 26. Rfc1 bxc5 27. bxc5 Qg3 28. Nh1
Qh4 29. Nf2 Nd7 30. Qa5 dxc5 31. Nxc5 Naxc5 32. Bxc5 Nxc5 33. Rxc5 Bxc5 34.
Qxa8 Qxf2+ 35. Kh1 Qxe2 36. Qxc8+ Bf8 37. Qxc7 g4 38. fxg4 f3 0-1

[Event "10e Open de Saint-Chély d'Aubrac"]
[Site "Saint-Chély d'Aubrac"]
[Date "2010.07.11"]
[Round "2.3"]
[White "Riff, Jean-Noel"]
[Black "Viennot, Dylan"]
[Result "1-0"]
[WhiteElo "2500"]
[BlackElo "1969"]
[PlyCount "61"]
[EventDate "2010.??.??"]

1. e4 e6 2. d4 d5 3. Nc3 Nf6 4. e5 Nfd7 5. f4 c5 6. Nf3 Nc6 7. Be3 Be7 8. Be2
O-O 9. O-O f5 10. exf6 Rxf6 11. Kh1 a6 12. Qd2 b5 13. dxc5 Nxc5 14. a3 Bb7 15.
Rad1 Kh8 16. Nd4 Qc7 17. Nxc6 Qxc6 18. Bd4 Rff8 19. Qe3 Bf6 20. Bf3 Bxd4 21.
Qxd4 a5 22. Rfe1 Rad8 23. Re3 Ba6 24. Rde1 b4 25. axb4 axb4 26. Qxb4 Qc7 27.
Re5 Rb8 28. Qd4 Qa5 29. f5 Rb4 30. Qd2 exf5 31. Nxd5 1-0

[Event "10e Open de Saint-Chély d'Aubrac"]
[Site "Saint-Chély d'Aubrac"]
[Date "2010.07.11"]
[Round "2.4"]
[White "Pieri, Pierre-Louis"]
[Black "Sanduleac, Vasile"]
[Result "0-1"]
[WhiteElo "1943"]
[BlackElo "2451"]
[PlyCount "118"]
[EventDate "2010.??.??"]

1. e4 g6 2. d4 Bg7 3. c3 d6 4. f4 Nf6 5. Bd3 O-O 6. Nf3 c5 7. O-O cxd4 8. cxd4
Nc6 9. Kh1 Nb4 10. Nc3 Nxd3 11. Qxd3 Qa5 12. Bd2 Bd7 13. a4 Rfc8 14. Nd5 Qd8
15. Nxf6+ Bxf6 16. Bc3 d5 17. e5 Bg7 18. Nh4 e6 19. Nf3 Rc6 20. Nd2 Rac8 21.
Nb3 Bf8 22. Nd2 Qh4 23. g3 Qd8 24. a5 b5 25. axb6 axb6 26. Ra7 R6c7 27. Rfa1 b5
28. Nb3 b4 29. Bd2 Rc4 30. R1a5 Be8 31. Kg1 Rc2 32. Bc3 bxc3 33. Qxc2 Bb4 34.
Ra2 Kg7 35. bxc3 Rxc3 36. Qd1 Qb8 37. Nc1 Bb5 38. Ne2 Re3 39. Ra8 Qb6 40. Kf2
Re4 41. Kf3 Qb7 42. R8a7 Qc6 43. Qb3 Bf8 44. Nc3 Bc4 45. Qa4 Qxa4 46. R2xa4
Rxd4 47. Nb1 Bc5 48. Rc7 Bb6 49. Rcxc4 dxc4 50. Na3 Rd3+ 51. Ke2 Re3+ 52. Kd1
Rd3+ 53. Kc2 Bg1 54. Nxc4 Rd7 55. h3 Bh2 56. Ra3 Rc7 57. Rc3 Bxg3 58. Rxg3
Rxc4+ 59. Kd3 Rxf4 0-1

[Event "10e Open de Saint-Chély d'Aubrac"]
[Site "Saint-Chély d'Aubrac"]
[Date "2010.07.11"]
[Round "2.5"]
[White "Mullon, Jean-Baptiste"]
[Black "Bigonnet, Jean-Michel"]
[Result "1-0"]
[WhiteElo "2442"]
[BlackElo "1925"]
[PlyCount "91"]
[EventDate "2010.??.??"]

1. e4 e5 2. Nf3 d6 3. d4 exd4 4. Nxd4 Nf6 5. Nc3 Be7 6. g3 d5 7. e5 Ng4 8. Bg2
c5 9. Ndb5 a6 10. Nd6+ Bxd6 11. exd6 d4 12. Qe2+ Kf8 13. Nd5 Nc6 14. O-O Qxd6
15. Nb6 d3 16. Qxd3 Qxd3 17. cxd3 Rb8 18. Bf4 Nge5 19. Rfe1 f6 20. Bxc6 bxc6
21. Nxc8 Rxc8 22. Bxe5 fxe5 23. Rxe5 Kf7 24. Rxc5 Rhd8 25. Rac1 Rxd3 26. Rxc6
Rxc6 27. Rxc6 Rd2 28. Rb6 a5 29. h4 a4 30. Kg2 a3 31. bxa3 Rxa2 32. Rb3 Rc2 33.
a4 Rc6 34. a5 Ra6 35. Ra3 Kf6 36. Kf3 Ke6 37. Ke4 Kd6 38. Kd4 Kc6 39. Kc4 Kb7
40. Kb5 Rf6 41. a6+ Ka7 42. f4 Re6 43. Kc5 Rf6 44. Kd5 Rb6 45. Ke5 Rg6 46. Rd3
1-0

[Event "10e Open de Saint-Chély d'Aubrac"]
[Site "Saint-Chély d'Aubrac"]
[Date "2010.07.11"]
[Round "2.7"]
[White "Saucey, Michel"]
[Black "Luciani, Thibault"]
[Result "1-0"]
[WhiteElo "2306"]
[BlackElo "1887"]
[PlyCount "56"]
[EventDate "2010.??.??"]

1. d4 d5 2. c4 c6 3. e3 e6 4. Bd3 Nf6 5. Nf3 Nbd7 6. b3 Bd6 7. Bb2 O-O 8. Nbd2
Qe7 9. Ne5 c5 10. O-O Rd8 11. f4 Nb6 12. Rf3 dxc4 13. Nexc4 Nxc4 14. Nxc4 cxd4
15. Nxd6 Qxd6 16. Bxd4 Qe7 17. Qe1 h6 18. Rd1 Nd5 19. Rg3 f6 20. Qe2 Kh8 21.
Bb1 Bd7 22. Qd3 g5 23. fxg5 e5 24. Bc5 Qf7 25. Qxd5 Qxd5 26. Rxd5 Bb5 27. e4
Rxd5 28. exd5 Rc8 1-0

[Event "10e Open de Saint-Chély d'Aubrac"]
[Site "Saint-Chély d'Aubrac"]
[Date "2010.07.11"]
[Round "2.8"]
[White "Huin, Eric"]
[Black "Moingt, Jean-Claude"]
[Result "0-1"]
[WhiteElo "1887"]
[BlackElo "2290"]
[PlyCount "44"]
[EventDate "2010.??.??"]

1. e4 c5 2. Nc3 Nc6 3. Bc4 g6 4. d3 Bg7 5. Nge2 d6 6. O-O Nf6 7. Bg5 O-O 8. Qd2
Na5 9. Ng3 a6 10. a4 Nxc4 11. dxc4 Re8 12. a5 Ng4 13. Be3 Ne5 14. Qe2 Nc6 15.
f4 Nxa5 16. f5 Nc6 17. h4 e6 18. fxg6 hxg6 19. h5 Ne5 20. h6 Bh8 21. Bf4 Qh4
22. Bxe5 Bxe5 0-1

[Event "10e Open de Saint-Chély d'Aubrac"]
[Site "Saint-Chély d'Aubrac"]
[Date "2010.07.11"]
[Round "2.9"]
[White "Nass, Emile"]
[Black "Vincenti, Francois-Xavier"]
[Result "1-0"]
[WhiteElo "2248"]
[BlackElo "1848"]
[PlyCount "81"]
[EventDate "2010.??.??"]

1. Nf3 Nf6 2. g3 g6 3. Bg2 Bg7 4. O-O O-O 5. d4 d5 6. Nbd2 c6 7. b3 b5 8. Bb2
Nbd7 9. Re1 Bb7 10. e4 Nxe4 11. Nxe4 dxe4 12. Ng5 c5 13. Nxe4 Qc7 14. c3 Rad8
15. Qe2 cxd4 16. cxd4 a6 17. Red1 Nf6 18. Nc5 Bxg2 19. Kxg2 Nd5 20. Kg1 Qb6 21.
a4 e5 22. axb5 exd4 23. Nxa6 Nc3 24. Bxc3 dxc3 25. Nb4 Rfe8 26. Rxd8 Rxd8 27.
Nc6 Rd2 28. Ne7+ Kh8 29. Ra8+ Rd8 30. Nd5 Qd6 31. Rxd8+ Qxd8 32. Qc4 Qa8 33. b6
h5 34. b7 Qxb7 35. Nxc3 Qf3 36. Ne4 Qd1+ 37. Kg2 h4 38. Qc8+ Kh7 39. Ng5+ Kh6
40. Nxf7+ Kh7 41. Qe6 1-0

[Event "10e Open de Saint-Chély d'Aubrac"]
[Site "Saint-Chély d'Aubrac"]
[Date "2010.07.11"]
[Round "2.10"]
[White "Messinger, Karl"]
[Black "Villegas, Pierre"]
[Result "1/2-1/2"]
[WhiteElo "1870"]
[BlackElo "2244"]
[PlyCount "60"]
[EventDate "2010.??.??"]

1. e4 c6 2. Nc3 d5 3. Nf3 a6 4. h3 b5 5. a3 h6 6. d4 dxe4 7. Nxe4 Bf5 8. Ng3
Bh7 9. Bd3 Bxd3 10. Qxd3 Nd7 11. O-O e6 12. a4 Ngf6 13. Re1 Be7 14. Bd2 O-O 15.
Ne4 Qb6 16. Ne5 c5 17. axb5 axb5 18. Rxa8 Rxa8 19. Qg3 Nxe4 20. Rxe4 Nxe5 21.
dxe5 Ra1+ 22. Kh2 g5 23. h4 Qd8 24. hxg5 hxg5 25. Bxg5 Bxg5 26. Rg4 f6 27. exf6
Kf7 28. Rxg5 Qh8+ 29. Qh3 Qxh3+ 30. Kxh3 Ra2 {(=)} 1/2-1/2

[Event "10e Open de Saint-Chély d'Aubrac"]
[Site "Saint-Chély d'Aubrac"]
[Date "2010.07.11"]
[Round "2.11"]
[White "Saucey, Capucine"]
[Black "Van Hoolandt, Patrick"]
[Result "0-1"]
[WhiteElo "1828"]
[BlackElo "2171"]
[PlyCount "48"]
[EventDate "2010.??.??"]

1. e4 e5 2. Nf3 Nc6 3. Bc4 Bc5 4. c3 Nf6 5. d3 a6 6. Bb3 Ba7 7. O-O d6 8. Nbd2
O-O 9. h3 Kh8 10. Re1 Nh5 11. Nf1 Qf6 12. Be3 Nf4 13. Ng3 g5 14. Bxf4 gxf4 15.
Nh5 Qg6 16. Nh4 Qg5 17. Nf5 Bxf5 18. exf5 Qxf5 19. d4 exd4 20. Bc2 Qg5 21. Re4
Rg8 22. Nxf4 f5 23. h4 Qh6 24. Re6 Qxf4 0-1

[Event "10e Open de Saint-Chély d'Aubrac"]
[Site "Saint-Chély d'Aubrac"]
[Date "2010.07.11"]
[Round "2.12"]
[White "Mourgues, Joelle"]
[Black "Richard, Emma"]
[Result "0-1"]
[WhiteElo "1797"]
[BlackElo "2100"]
[PlyCount "84"]
[EventDate "2010.??.??"]

1. Nf3 Nf6 2. g3 e6 3. Bg2 d5 4. d3 Be7 5. Nbd2 b6 6. O-O Bb7 7. c3 O-O 8. Qc2
c5 9. c4 Nc6 10. a3 Rc8 11. b3 a6 12. Bb2 b5 13. Rad1 Qb6 14. Ne5 Nd4 15. Bxd4
cxd4 16. Qa2 dxc4 17. bxc4 Bxg2 18. Kxg2 Qc5 19. f4 Qxa3 20. Qxa3 Bxa3 21. h3
Bb4 22. Ndf3 Bc3 23. cxb5 axb5 24. Rb1 Nd5 25. Rfc1 f6 26. Ng4 b4 27. Nf2 Rb8
28. Ne4 b3 29. Nc5 b2 30. Rg1 Rfe8 31. Kf2 Ne3 32. Ne4 Nc2 33. Nd6 Re7 34. Nc4
Ra7 35. Nfd2 Bxd2 36. Nxd2 Na3 37. Rbd1 Nb5 38. Nb1 Nc3 39. Rde1 Ra1 40. e3 Na2
41. Ke2 Nc1+ 42. Kd2 Rxb1 0-1

[Event "10e Open de Saint-Chély d'Aubrac"]
[Site "Saint-Chély d'Aubrac"]
[Date "2010.07.11"]
[Round "2.13"]
[White "Lagunes, Jean-Renaud"]
[Black "Grange, Laurent"]
[Result "1-0"]
[WhiteElo "2074"]
[BlackElo "1513"]
[PlyCount "61"]
[EventDate "2010.??.??"]

1. e4 c6 2. d4 d5 3. Nc3 dxe4 4. Nxe4 Bf5 5. Ng3 Bg6 6. Nh3 h6 7. Bc4 e6 8. O-O
Qc7 9. Bf4 Bd6 10. Qd2 Nf6 11. Bxd6 Qxd6 12. Nf4 Bxc2 13. Nxe6 fxe6 14. Qxc2
Nd5 15. Qg6+ Kf8 16. f4 Ne7 17. Qe4 Nd7 18. f5 Ke8 19. Bxe6 Nf6 20. Qe3 Rd8 21.
Rad1 Kf8 22. Qf3 h5 23. Ne4 Qb4 24. Nxf6 gxf6 25. Qf2 a5 26. Qh4 Rh6 27. Qf4
Kg7 28. Rf3 Qxb2 29. Qc7 Re8 30. Rg3+ Kf8 31. Rg8+ 1-0

[Event "10e Open de Saint-Chély d'Aubrac"]
[Site "Saint-Chély d'Aubrac"]
[Date "2010.07.11"]
[Round "2.14"]
[White "Rota Graziosi, Annael"]
[Black "Husson, Cybele"]
[Result "0-1"]
[WhiteElo "1150"]
[BlackElo "2040"]
[PlyCount "70"]
[EventDate "2010.??.??"]

1. e4 Nf6 2. Nc3 d5 3. exd5 Nxd5 4. Bb5+ c6 5. Ba4 Nxc3 6. dxc3 Qxd1+ 7. Kxd1
Bf5 8. Bb3 e6 9. a3 Bc5 10. h3 Bxf2 11. Nf3 O-O 12. Bf4 Nd7 13. Bd6 Rfd8 14. g4
Be4 15. Nd2 Bxh1 16. Ke2 Nf6 17. Be7 Rxd2+ 18. Kxd2 Bd5 19. c4 Be4 20. Ke2 Bb6
21. g5 Nd7 22. Rd1 Nc5 23. c3 Nxb3 24. Rd7 Bc5 25. Bd8 b5 26. Bc7 Kf8 27. cxb5
cxb5 28. Bg3 Ke8 29. Rc7 Bb6 30. Rc4 bxc4 31. a4 Rd8 32. Ke1 Rd2 33. Kf1 Rxb2
34. h4 Bf3 35. Be5 Rb1# 0-1

[Event "10e Open de Saint-Chély d'Aubrac"]
[Site "Saint-Chély d'Aubrac"]
[Date "2010.07.11"]
[Round "2.15"]
[White "Muller, Anne"]
[Black "Manser, Lucas"]
[Result "1-0"]
[WhiteElo "2184"]
[BlackElo "1642"]
[PlyCount "95"]
[EventDate "2010.??.??"]

1. e4 c6 2. c4 d5 3. exd5 cxd5 4. cxd5 Qxd5 5. Nc3 Qd8 6. Nf3 Nf6 7. d4 e6 8.
Bd3 Be7 9. O-O O-O 10. a3 Nc6 11. Bc2 b6 12. Qd3 Bb7 13. Bg5 g6 14. Bh6 Re8 15.
Rad1 Bf8 16. Bg5 Be7 17. Rfe1 Nd5 18. Bxe7 Ncxe7 19. Ne4 Rc8 20. Ba4 Bc6 21.
Bxc6 Nxc6 22. Qd2 Na5 23. Qh6 f6 24. h4 Nb7 25. Re2 Qd7 26. Rde1 Qg7 27. Qd2
Qd7 28. Ng3 Nd6 29. b3 Nb5 30. Qb2 Rc3 31. Ne4 Rc7 32. Nh2 Nbc3 33. Nxc3 Rxc3
34. Ng4 Kg7 35. a4 Qc6 36. Qd2 Kf7 37. Qh6 Kg8 38. h5 gxh5 39. Nxf6+ Nxf6 40.
Qxf6 Rf8 41. Qg5+ Kh8 42. Rxe6 Qc8 43. Re7 Qg4 44. Qh6 Qg8 45. Rxh7+ Qxh7 46.
Qxf8+ Qg8 47. Qh6+ Qh7 48. Re8# 1-0

[Event "10e Open de Saint-Chély d'Aubrac"]
[Site "Saint-Chély d'Aubrac"]
[Date "2010.07.11"]
[Round "2.16"]
[White "Muheim, Sebastien"]
[Black "Ferrer, Lauriane"]
[Result "1-0"]
[WhiteElo "2112"]
[BlackElo "1650"]
[PlyCount "43"]
[EventDate "2010.??.??"]

1. d4 d5 2. c4 e6 3. Nc3 c5 4. cxd5 exd5 5. Nf3 Nf6 6. Bg5 cxd4 7. Nxd4 Nc6 8.
e3 Be7 9. Be2 a6 10. O-O O-O 11. Bf3 Be6 12. Nde2 Ne5 13. Nf4 Nxf3+ 14. Qxf3
Qa5 15. h3 d4 16. Bxf6 Bxf6 17. exd4 Bxd4 18. Nxe6 fxe6 19. Qxb7 Bxc3 20. bxc3
Qxc3 21. Rac1 Qf6 22. Rc6 1-0

[Event "10e Open de Saint-Chély d'Aubrac"]
[Site "Saint-Chély d'Aubrac"]
[Date "2010.07.11"]
[Round "2.19"]
[White "Geronimi, Pierre-Francois"]
[Black "Levy, Nicolas"]
[Result "1-0"]
[WhiteElo "1974"]
[BlackElo "1610"]
[PlyCount "39"]
[EventDate "2010.??.??"]

1. e4 c5 2. Nf3 e6 3. d4 cxd4 4. Nxd4 a6 5. Bd3 Nc6 6. Nxc6 bxc6 7. O-O Bc5 8.
Qg4 Qf6 9. Nc3 Ne7 10. Qg3 Ng6 11. Kh1 Bd4 12. Bg5 Qe5 13. f4 Qc5 14. f5 Ne5
15. Bd2 Nxd3 16. cxd3 d5 17. e5 O-O 18. Bh6 Bxe5 19. Qxe5 gxh6 20. Ne4 1-0

[Event "10e Open de Saint-Chély d'Aubrac"]
[Site "Saint-Chély d'Aubrac"]
[Date "2010.07.11"]
[Round "2.20"]
[White "Kirchhoff, Matthieu"]
[Black "Herrero, Alain"]
[Result "1/2-1/2"]
[WhiteElo "1581"]
[BlackElo "1762"]
[PlyCount "37"]
[EventDate "2010.??.??"]

1. d4 Nf6 2. Nf3 g6 3. Bf4 Bg7 4. e3 O-O 5. h3 d5 6. Bd3 b6 7. Nbd2 Bb7 8. Rc1
Nbd7 9. c3 Re8 10. Ne5 Rc8 11. O-O Nf8 12. Bh2 Ne6 13. f4 c6 14. g4 Nc7 15. g5
Nd7 16. Ng4 Rf8 17. h4 f5 18. Nf2 e6 19. h5 1/2-1/2

[Event "10e Open de Saint-Chély d'Aubrac"]
[Site "Saint-Chély d'Aubrac"]
[Date "2010.07.11"]
[Round "2.21"]
[White "Devoille, Hugo"]
[Black "Souttre, Matthieu"]
[Result "1-0"]
[WhiteElo "1746"]
[BlackElo "1550"]
[PlyCount "113"]
[EventDate "2010.??.??"]

1. e4 e5 2. Nf3 Nc6 3. Bb5 Bc5 4. O-O d6 5. c3 a6 6. Ba4 b5 7. Bc2 Bg4 8. h3
Bh5 9. Re1 Nf6 10. d3 O-O 11. Nbd2 Re8 12. Nf1 d5 13. Qe2 d4 14. a3 a5 15. Ng3
Bg6 16. Bg5 h6 17. Bh4 Bh7 18. Nh5 g5 19. Nxf6+ Qxf6 20. Bg3 b4 21. Ba4 Ra6 22.
Bxc6 Rxc6 23. Bxe5 Rxe5 24. cxd4 Bxd4 25. Nxd4 Rd6 26. Nf3 Re8 27. axb4 axb4
28. Qc2 Red8 29. e5 Bxd3 30. Qc1 Rc6 31. exf6 Rxc1 32. Raxc1 Rc8 33. Ne5 Bb5
34. Rc5 Ba4 35. Nc6 Bxc6 36. Rxc6 Kh7 37. Re7 Kg6 38. Rcxc7 Rxc7 39. Rxc7 Kxf6
40. Rb7 Ke6 41. Rxb4 f5 42. Rb6+ Ke5 43. Rxh6 Ke4 44. b4 Kd5 45. b5 g4 46. b6
gxh3 47. gxh3 f4 48. b7 f3 49. b8=Q Ke4 50. Rh5 Kd4 51. Ra5 Kc4 52. Qb5+ Kd4
53. Ra4+ Kc3 54. Qb4+ Kc2 55. Ra3 Kc1 56. Ra2 Kd1 57. Qb1# 1-0

[Event "10e Open de Saint-Chély d'Aubrac"]
[Site "Saint-Chély d'Aubrac"]
[Date "2010.07.11"]
[Round "2.22"]
[White "Faraill, Sebastien"]
[Black "Balducchi, Francois"]
[Result "0-1"]
[WhiteElo "1516"]
[BlackElo "1721"]
[PlyCount "60"]
[EventDate "2010.??.??"]

1. c4 e5 2. g3 Nf6 3. Bg2 Bc5 4. e3 Nc6 5. a3 Be7 6. b4 a6 7. Nc3 d6 8. Qc2 g6
9. Nd5 Bf5 10. d3 O-O 11. b5 Na5 12. Nxe7+ Qxe7 13. Bd2 axb5 14. Bxa5 Rxa5 15.
Bxb7 bxc4 16. Qxc4 d5 17. Qc3 Rc5 18. Qb3 Rb8 19. Qa4 Bxd3 20. Qa7 Nd7 21. Rd1
Bc4 22. Nf3 Qf6 23. Nd2 Bd3 24. a4 e4 25. h4 Qc3 26. h5 Ra5 27. Qd4 Qxd4 28.
exd4 Rxb7 29. hxg6 fxg6 30. f3 Rxa4 0-1

[Event "10e Open de Saint-Chély d'Aubrac"]
[Site "Saint-Chély d'Aubrac"]
[Date "2010.07.11"]
[Round "2.23"]
[White "Marie, Olivier"]
[Black "Meyer, Bernard"]
[Result "1-0"]
[WhiteElo "1710"]
[BlackElo "1490"]
[PlyCount "111"]
[EventDate "2010.??.??"]

1. e4 e6 2. Bc4 Nc6 3. c3 d5 4. exd5 exd5 5. Bb3 Nf6 6. d3 Be7 7. Nf3 Bg4 8. h3
Bh5 9. Bf4 O-O 10. O-O Re8 11. Nbd2 a6 12. Bc2 Qd7 13. Qb1 Bd6 14. Bg5 Be7 15.
Bxf6 Bxf6 16. d4 Bg6 17. Bxg6 fxg6 18. g4 g5 19. Qd3 b5 20. Ne1 Nd8 21. Qg3 Re2
22. Qd3 Qe7 23. Ng2 Re6 24. f4 gxf4 25. Nxf4 Re3 26. Qf5 c6 27. Nf3 Nf7 28. Ng2
Nd6 29. Nxe3 Nxf5 30. Nxf5 Qc7 31. Kg2 Re8 32. Rf2 g6 33. Ng3 Kg7 34. Raf1 Re6
35. g5 Bd8 36. Ne5 Rxe5 37. dxe5 Bxg5 38. e6 Kh6 39. Re2 Qd6 40. Rf3 c5 41. Rf7
Be7 42. Nf1 d4 43. Rf3 d3 44. Ree3 c4 45. Nd2 Bg5 46. Re4 Qe7 47. Rf2 Bxd2 48.
Rxd2 g5 49. b3 Kg6 50. bxc4 bxc4 51. Kf3 Qf6+ 52. Ke3 h5 53. e7 Qb6+ 54. Kf3
Qf6+ 55. Kg2 Kf5 56. e8=Q 1-0

[Event "10e Open de Saint-Chély d'Aubrac"]
[Site "Saint-Chély d'Aubrac"]
[Date "2010.07.11"]
[Round "2.24"]
[White "Muheim, Xavier"]
[Black "Hug, Timothee"]
[Result "0-1"]
[WhiteElo "1470"]
[BlackElo "1691"]
[PlyCount "32"]
[EventDate "2010.??.??"]

1. e4 c5 2. c4 Nc6 3. Nc3 Nf6 4. b3 e6 5. Bb2 d5 6. exd5 exd5 7. cxd5 Nxd5 8.
Nxd5 Qxd5 9. Bc4 Qxg2 10. Qh5 Qxh1 11. Bd5 Qxg1+ 12. Ke2 Bg4+ 13. Qxg4 Qxg4+
14. Bf3 Nd4+ 15. Bxd4 Qxd4 16. d3 Qxa1 0-1

[Event "10e Open de Saint-Chély d'Aubrac"]
[Site "Saint-Chély d'Aubrac"]
[Date "2010.07.11"]
[Round "2.26"]
[White "Pierron, Baptiste"]
[Black "Tassetti, Florent"]
[Result "0-1"]
[WhiteElo "1400"]
[BlackElo "1676"]
[PlyCount "92"]
[EventDate "2010.??.??"]

1. c4 e5 2. Nc3 f5 3. g3 Nf6 4. Bg2 Nc6 5. e3 Be7 6. Nge2 O-O 7. O-O d6 8. d4
Qe8 9. e4 fxe4 10. Nxe4 Bf5 11. Nxf6+ Bxf6 12. dxe5 Bxe5 13. Nf4 Qd7 14. Qh5
Bxf4 15. Bxf4 Bg6 16. Qd5+ Qf7 17. Qxf7+ Bxf7 18. Bd5 Bxd5 19. cxd5 Nd4 20. Kg2
Rae8 21. Rad1 Nf5 22. Rde1 Kf7 23. Rxe8 Rxe8 24. Rc1 Rc8 25. g4 Ne7 26. h3 h6
27. a3 Ke8 28. Re1 Kd7 29. g5 Nxd5 30. Bd2 hxg5 31. Bxg5 Re8 32. Rxe8 Kxe8 33.
f4 Ne3+ 34. Kf3 Nc4 35. f5 Nxb2 36. f6 gxf6 37. Bxf6 Nc4 38. h4 Kf7 39. Bc3 Kg6
40. Kg4 Ne5+ 41. Bxe5 dxe5 42. h5+ Kf6 43. Kh4 c5 44. h6 Kg6 45. h7 Kxh7 46.
Kg5 c4 0-1

[Event "10e Open de Saint-Chély d'Aubrac"]
[Site "Saint-Chély d'Aubrac"]
[Date "2010.07.11"]
[Round "2.27"]
[White "Franceschini, Francois-Marie"]
[Black "Rateau, Cyprien"]
[Result "1-0"]
[WhiteElo "1670"]
[BlackElo "1360"]
[PlyCount "23"]
[EventDate "2010.??.??"]

1. e4 e5 2. Nf3 Nc6 3. Bc4 Bc5 4. O-O Nf6 5. Nc3 O-O 6. d3 Re8 7. Ng5 Re7 8.
Nd5 Nxd5 9. Bxd5 d6 10. Qh5 h6 11. Nxf7 Qe8 12. Nxd6+ 1-0

[Event "10e Open de Saint-Chély d'Aubrac"]
[Site "Saint-Chély d'Aubrac"]
[Date "2010.07.11"]
[Round "2.28"]
[White "Barnicol, Georges"]
[Black "Neff, Thomas"]
[Result "1/2-1/2"]
[WhiteElo "1320"]
[BlackElo "1660"]
[PlyCount "91"]
[EventDate "2010.??.??"]

1. e4 e5 2. Nf3 Nc6 3. Bb5 a6 4. Ba4 Nf6 5. O-O Be7 6. Re1 b5 7. Bb3 d6 8. c3
Na5 9. Bc2 c5 10. a3 Nc6 11. d4 cxd4 12. cxd4 Bg4 13. d5 Nd4 14. Nbd2 Rc8 15.
Bd3 Qc7 16. Be2 Bxf3 17. Bxf3 Nc2 18. Rb1 Nxe1 19. Qxe1 Qc2 20. Ra1 O-O 21. Bd1
Qc5 22. Nb3 Qa7 23. Be3 Qa8 24. Nd2 Rc7 25. b4 Qc8 26. Bf3 Ng4 27. Bxg4 Qxg4
28. f3 Qc8 29. Nf1 Rc3 30. Bd2 Rc4 31. Ne3 Rc7 32. Nf5 Qd7 33. Bh6 Bf6 34. Qg3
g6 35. Bxf8 Kxf8 36. Ne3 Qc8 37. Qe1 Bg5 38. h4 Bh6 39. g4 Bf4 40. Kf2 Rc3 41.
Ng2 Rc2+ 42. Kf1 Rc1 43. Rxc1 Qxc1 44. Nxf4 Qxe1+ 45. Kxe1 exf4 46. Kd2 1/2-1/2

[Event "10e Open de Saint-Chély d'Aubrac"]
[Site "Saint-Chély d'Aubrac"]
[Date "2010.07.11"]
[Round "2.29"]
[White "Joyeux, Gerard"]
[Black "Degraeve, Remy"]
[Result "1-0"]
[WhiteElo "1657"]
[BlackElo "1320"]
[PlyCount "61"]
[EventDate "2010.??.??"]

1. d4 d5 2. e4 dxe4 3. f3 exf3 4. Nxf3 Nc6 5. Bc4 Bf5 6. c3 Nf6 7. Nbd2 e6 8.
Nf1 Bd6 9. Bb5 a6 10. Bd3 Bxd3 11. Qxd3 Ng4 12. h3 Nf6 13. Bg5 h6 14. Bh4 g5
15. Bg3 Bxg3+ 16. Nxg3 Qd6 17. Ne2 O-O-O 18. O-O-O g4 19. Nd2 Rhg8 20. Rdf1 Nd7
21. Rxf7 Nde5 22. Qh7 Nxf7 23. Qxf7 Rgf8 24. Qg6 Rf2 25. Ne4 Qf4+ 26. Nxf4 Rxf4
27. Qxe6+ Kb8 28. hxg4 Rd6 29. Nxd6 cxd6 30. Qxd6+ Kc8 31. Qxf4 1-0

[Event "10e Open de Saint-Chély d'Aubrac"]
[Site "Saint-Chély d'Aubrac"]
[Date "2010.07.11"]
[Round "2.30"]
[White "Guerry, Emilien"]
[Black "Grange, Julien"]
[Result "1-0"]
[WhiteElo "1650"]
[BlackElo "1280"]
[PlyCount "52"]
[EventDate "2010.??.??"]

1. e4 e5 2. Nf3 Nc6 3. Bb5 a6 4. Ba4 Bc5 5. O-O Nge7 6. c3 b5 7. Bc2 Ng6 8. d4
Bb6 9. Be3 O-O 10. Nbd2 d6 11. h3 h6 12. Re1 Re8 13. Nf1 d5 14. Ng3 dxe4 15.
Bxe4 Qd6 16. Nxe5 Ngxe5 17. dxe5 Qxd1 18. Raxd1 Bb7 19. Bxb6 cxb6 20. Rd7 Nxe5
21. Rxb7 Nd3 22. Re3 Nxb2 23. Rf3 f6 24. Bd5+ Kh8 25. Nh5 Re1+ 26. Kh2 Rg8 1-0

[Event "10e Open de Saint-Chély d'Aubrac"]
[Site "Saint-Chély d'Aubrac"]
[Date "2010.07.11"]
[Round "2.31"]
[White "Moulie, Patrick"]
[Black "Rota Graziosi, Fanny"]
[Result "1-0"]
[WhiteElo "1639"]
[BlackElo "1200"]
[PlyCount "71"]
[EventDate "2010.??.??"]

1. e4 e5 2. f4 d6 3. Nf3 Nc6 4. Bc4 Nf6 5. d3 Bg4 6. c3 d5 7. exd5 Nxd5 8. O-O
Bd6 9. Bxd5 O-O 10. Bxc6 bxc6 11. fxe5 Bxe5 12. Qa4 Bf5 13. Nxe5 Qe7 14. Nxc6
Qf6 15. g4 Bxd3 16. Rxf6 Rae8 17. Rf4 Re6 18. Na3 Re1+ 19. Kf2 Re2+ 20. Kg3 Re1
21. Qd4 Rd1 22. Ne7+ Kh8 23. h4 Be2 24. Qe4 Rg1+ 25. Kf2 Rf1+ 26. Kxe2 Rg1 27.
h5 g5 28. hxg6 hxg6 29. Nxg6+ Kg8 30. Ne7+ Kg7 31. Qd4+ f6 32. Qxg1 Rf7 33.
Nf5+ Kg6 34. Qxa7 Rf8 35. Be3 c6 36. Qg7# 1-0